History of the United States of America (Record no. 311140)

MARC details
000 -LEADER
fixed length control field 00486 a2200181 4500
005 - DATE & TIME
control field 20240711161013.0
008 - FIXED-LENGTH DATA ELEMENTS--GENERAL INFORMATION
fixed length control field 240711b |||||||| |||| 00| 0 eng d
020 ## - ISBN
International Standard Book Number 9788171568277
Price Rs. 995.00
040 ## - CATALOGING SOURCE
Original cataloging agency VIVEKANANDA LIBRARY
082 ## - DDC NUMBER
Classification number 973
Book Number J334H
100 ## - MAIN ENTRY--PERSONAL NAME
Personal name Jayapalan, N
245 ## - TITLE STATEMENT
Title History of the United States of America
260 ## - PUBLICATION, DISTRIBUTION, ETC. (IMPRINT)
Name of publisher, distributor, etc Atlantic Publishers and Distributors
Date of publication, distribution, etc 2023
Place of publication, distribution, etc New Delhi
300 ## - PHYSICAL DESCRIPTION
Pages viii, 261
650 ## - Subject
Subject History
650 ## - Subject
Subject America-History
942 ## - ADDED ENTRY ELEMENTS (KOHA)
Koha item type Books
Holdings
Withdrawn status Lost status Source of classification or shelving scheme Damaged status Not for loan Location (home branch) Sublocation or collection (holding branch) Shelving location Date acquired Koha issues (times borrowed) Koha full call number Accession No. Koha date last seen Koha item type
    Dewey Decimal Classification     VIVEKANANDA LIBRARY VIVEKANANDA LIBRARY Vivekananda Library 06/03/2024   973 J334H 440200 06/03/2024 Books
© Designed and Maintained by Vivekananda Library, MDU Rohtak